Antonio de Viedma : Fundador De Floridablanca /

A finales del siglo XVIII, este funcionario español recibió la misión de hacer de la Patagonia un lugar habitable. Fundó Floridablanca, un fuerte español con 400 habitantes, que se transformó en una sociedad experimental y utópica donde existía una estrecha colaboración entre europeos y tehuelches....

Descripción completa

Guardado en:
Autor Principal: Chiarelli, Pablo
Autor Corporativo: Canal Encuentro.
Formato: Deslizar
Publicado: Argentina, 2008
Series:Naturalistas viajeros
Materias:
Acceso en línea:https://www.educ.ar/recursos/101726/antonio-de-viedma-fundador-de-floridablanca
Etiquetas: Agregar Etiqueta
Sin Etiquetas, Sea el primero en etiquetar este registro!
LEADER 01277ngm a22003135g 4500
001 CEM.cems023734
008 130507s2008##################0###0#####d
005 20250630154700.0
245 1 0 |a Antonio de Viedma :  |b Fundador De Floridablanca /  |c Pablo Chiarelli. 
260 |a Argentina,  |c 2008 
300 |a 28'. 
490 0 |a Naturalistas viajeros 
500 |a Consultar en ventanilla. 
538 |a Soporte: DVD - Color: Si - Grabación DRD. 
520 |a A finales del siglo XVIII, este funcionario español recibió la misión de hacer de la Patagonia un lugar habitable. Fundó Floridablanca, un fuerte español con 400 habitantes, que se transformó en una sociedad experimental y utópica donde existía una estrecha colaboración entre europeos y tehuelches. 
100 1 |a Chiarelli, Pablo 
710 2 |a Canal Encuentro. 
082 9 4 |/ CHI 
653 |a EXPLORADORES 
653 |a CIENCIAS NATURALES 
653 |a CIENTIFICOS 
653 |a CIENCIA 
653 |a NATURALISMO 
653 |a GEOGRAFIA 
653 |a GEOGRAFIA ARGENTINA 
653 |a PATAGONIA 
653 |a SERIE DE TELEVISIÓN 
856 |u https://www.educ.ar/recursos/101726/antonio-de-viedma-fundador-de-floridablanca 
859 |a CEMS  |b BIB. CEMS - Depto. Recursos Didacticos  |h 940  |i CHI  |k DRD  |p 2377.15  |t Ej.1